banner-ar

MASS MEDIA RESEARCH: AN INTRODUCTION / (Record no. 16512)

MARC details
000 -الفاتح
حقل البيانات ثابتة الطول 00481nam a2200181Ia 4500
008 - عناصر البيانات ثابتة الطول - معلومات عامة
حقل البيانات ثابتة الطول 140319s9999 xx 000 0 eng d
040 ## - مصدر الفهرسة
وكالة الفهرسة الأصلية GCL /
وكالة النسخ GCL
082 04 - رقم تصنيف ديوى العشرى
رقم التصنيف 302.23072
رقم المادة W M
100 1# - المدخل الرئيسى - إسم شخصى
الإسم الشخصى WIMMER, ROGERD
245 10 - بيان العنوان
العنوان MASS MEDIA RESEARCH: AN INTRODUCTION /
بيان المسئوليه,etc WIMMER, ROGERD
700 1# - المدخل الاضافى - اسم شخصى
الإسم الشخصى DOMNIK, JOSEPH R.
260 ## - PUBLICATION, DISTRIBUTION, ETC. (IMPRINT)
تاريخ النشر أو التوزيع 1994
300 ## - الوصف المادى
التعداد 497
650 04 - المدخل الاضافى بالموضوع-مصطلح موضوعى
مصطلح موضوعي RESEARCH
650 04 - المدخل الاضافى بالموضوع-مصطلح موضوعى
مصطلح موضوعي MASS MEDIA
942 ## - عناصر المدخل الإضافي( كوها)
مصدر التصنيف او مخطط الترفيف Dewey Decimal Classification
Koha [default] item type كتاب
260 ## - PUBLICATION, DISTRIBUTION, ETC. (IMPRINT)
-- [S.N] :
-- WODSWORTH PUBLISHING COMPANY ،
Holdings
حالة التراجع حالة الفقد حالة تلف ليس للاعارة المكان المؤقت الموقع الحالى تاريخ الاكتساب اجمالي اﻻعارات رقم الطلب الباركود تاريخ اخر مشاهدة تاريخ تفعيل السعر نوع وعاء كوها
        مكتبة القاهرة الكبرى مكتبة القاهرة الكبرى 03/26/2014   302.23072\W M 29970 03/26/2014 03/26/2014 كتاب

Powered By

EGPV